000 00480nam a2200181Ia 4500
005 20250603145441.0
008 250603s9999 xx 000 0 und d
020 _a9781492082798
050 _aQA 76.758 .W56/
100 _aWinters, Titus
245 0 _aO’Reilley software engineering at google: lessons learned from programming over time
260 _aBoston
260 _bO’Reilly Media, Inc.
260 _c2020
300 _a571 p
650 _aBoston
942 _cBK
999 _c41898
_d41898